| 000 | 00443nam a2200181Ia 4500 | ||
|---|---|---|---|
| 008 | 170705s9999 xx 000 0 und d | ||
| 020 | _a9781416935728 | ||
| 245 | _aH.I.V.E. : | ||
| 245 | _bthe higher institute of villainous education / | ||
| 245 | _cMark Walden. | ||
| 260 | _aNew York : | ||
| 260 | _bScholastic, | ||
| 260 | _c2006 | ||
| 300 | _a309 pages : | ||
| 300 | _bcolor illustration ; | ||
| 300 | _c20cm. | ||
| 500 | _a1040 | ||
| 999 |
_c336678 _d336678 |
||